000 00918nam a2200289 a 4500
001 49408
003 BD-RjUL
005 20211209054657.0
008 731001s1967 enka b 001 0 eng
035 _a(BD-RjUL) 49527
040 _aDLC
_cDLC
_dDLC
_dBD-RjUL
_beng
041 _aeng
082 0 0 _a352.04272
_223
_bBUP 1967
100 1 0 _aBulpitt, J G
_9148318
245 1 0 _aParty politics in English local government /
_cJ. G. Bulpitt; J W Grove
260 _aLondon :
_bLongmans,
_cc1967
300 _aviii, 133 p. ;
_bill.
_c22 cm.
490 0 _aMonographs in politics
500 _aInclude index
650 0 _aLocal government
_zEngland
_zLancashire.
_9148319
650 0 _aPolitical parties
_zGreat Britain.
_9148320
651 0 _aLancashire (England)
_xPolitics and government.
_9148321
700 _aGrove J W
_9148322
856 _3Monographs in politics
942 _2ddc
_cBK
999 _c49408
_d49408